5HLuxD.jpg

KING HENRY VIII SENIOR AND PRIMARY SCHOOL LIBRARY OPAC

Prodigy : (Record no. 1020)

000 -LEADER
fixed length control field 01352cam a2200361 a 4500
001 - CONTROL NUMBER
control field (Sirsi) a947347
003 - CONTROL NUMBER IDENTIFIER
control field OSt
005 - DATE AND TIME OF LATEST TRANSACTION
control field 20200313105926.0
008 - FIXED-LENGTH DATA ELEMENTS--GENERAL INFORMATION
fixed length control field 130920r20142013nyub d 000 1 eng d
020 ## - INTERNATIONAL STANDARD BOOK NUMBER
International Standard Book Number 9780142427552
Qualifying information (pbk.) :
020 ## - INTERNATIONAL STANDARD BOOK NUMBER
International Standard Book Number 0142427551
Qualifying information (pbk.)
040 ## - CATALOGING SOURCE
Original cataloging agency NFN
Language of cataloging eng
Transcribing agency TAE
Modifying agency KH8
042 ## - AUTHENTICATION CODE
Authentication code nbic
082 0# - DEWEY DECIMAL CLASSIFICATION NUMBER
Classification number FIC LU
100 1# - MAIN ENTRY--PERSONAL NAME
Personal name Lu, Marie,
Dates associated with a name 1984-
Relator term author
245 10 - TITLE STATEMENT
Title Prodigy :
Remainder of title a Legend novel /
Statement of responsibility, etc. Marie Lu.
260 ## - PUBLICATION, DISTRIBUTION, ETC.
Place of publication, distribution, etc. New York, New York :
Name of publisher, distributor, etc. Speak, an imprint of Penguin Group. (USA),
Date of publication, distribution, etc. 2014.
300 ## - PHYSICAL DESCRIPTION
Extent 374, 13, 14 p. :
Other physical details map ;
Dimensions 21 cm.
440 ## - SERIES STATEMENT/ADDED ENTRY--TITLE
Title Legend novels ;
Number of part/section of a work Book 2.
500 ## - GENERAL NOTE
General note Originally published: New York : G.P. Putnam's Sons,. c2013.
500 ## - GENERAL NOTE
General note Includes and excerpt of the author's, Champion.
520 ## - SUMMARY, ETC.
Summary, etc. June and Day make their way to Las Vegas where they join the rebel Patriot group and become involved in an assassination plot against the Elector in hopes of saving the Republic.
521 1# - TARGET AUDIENCE NOTE
Target audience note Ages 13-18.
650 #0 - SUBJECT ADDED ENTRY--TOPICAL TERM
Topical term or geographic name entry element Fugitives from justice
Form subdivision Juvenile fiction.
650 #0 - SUBJECT ADDED ENTRY--TOPICAL TERM
Topical term or geographic name entry element Criminals
Form subdivision Juvenile fiction.
650 #0 - SUBJECT ADDED ENTRY--TOPICAL TERM
Topical term or geographic name entry element Soldiers
Form subdivision Juvenile fiction.
650 #0 - SUBJECT ADDED ENTRY--TOPICAL TERM
Topical term or geographic name entry element Government, Resistance to
Form subdivision Juvenile fiction.
650 #0 - SUBJECT ADDED ENTRY--TOPICAL TERM
Topical term or geographic name entry element Assassination
Form subdivision Juvenile fiction.
650 #0 - SUBJECT ADDED ENTRY--TOPICAL TERM
Topical term or geographic name entry element War stories.
650 #0 - SUBJECT ADDED ENTRY--TOPICAL TERM
Topical term or geographic name entry element Science fiction.
650 #0 - SUBJECT ADDED ENTRY--TOPICAL TERM
Topical term or geographic name entry element Young adult fiction.
942 ## - ADDED ENTRY ELEMENTS (KOHA)
Source of classification or shelving scheme
Koha item type Books - Fiction
Holdings
Withdrawn status Lost status Source of classification or shelving scheme Damaged status Not for loan Collection code Permanent Location Current Location Shelving location Date acquired Total Checkouts Full call number Barcode Date last seen Date last checked out Price effective from Koha item type
          Fiction KH8 Senior School Library KH8 Senior School Library Fiction 2020-03-13 4 FIC LU 3KHSL000101763 2025-04-17 2025-03-27 2020-03-13 Books - Fiction

Powered By KH8 IT Dept